000 00782nam a22002417a 4500
999 _c3858
_d3858
003 AR-CdUCM
008 190307b ||||| |||| 00| 0 spa d
040 _aMUNICIPALIDAD PROVINCIAL DEL CUSCO
_cBIBLIOTECA MUNICIPAL DEL CUSCO
041 _heng.
082 _a828.9 /
_bC94
100 _aCronin, Archibald Joseph
_9387
245 _aLa ciudadela :
_bEl drama de los médicos y de la medicina /
260 _aMexico :
_bEdit.Epoca,
_c1967.
300 _a384 paginas ;
_c17 cm.
500 _a3era publicación del año 1958
505 _aContenido: Novela - El drama de los médicos y la medicina.
650 _aLiteratura inglesa
_91015
650 _aNovela
_95
650 _aSiglo XX
_98
700 _aEnrique Pepe (traductor)
_912401
942 _2ddc
_cLIBROS
945 _arjall